[Event "Zurich Jubilee Open 2009"]
[Site "Zuerich SUI"]
[Date "2009.08.13"]
[Round "7.18"]
[White "Caspi, Israel"]
[Black "Ivanisevic, Ivan"]
[Result "0-1"]
[WhiteElo "2417"]
[BlackElo "2629"]
[PlyCount "128"]
[EventDate "2009.08.09"]
[EventType "swiss"]
[EventRounds "9"]
[EventCountry "SUI"]
[Source "lmi"]
[SourceDate "2009.08.09"]

1. e4 e5 2. Nf3 Nc6 3. Bb5 a6 4. Ba4 Nf6 5. O-O Be7 6. Re1 b5 7. Bb3 O-O 8. c3
d5 9. exd5 Nxd5 10. Nxe5 Nxe5 11. Rxe5 c6 12. d3 Bd6 13. Re1 Qh4 14. g3 Qh3 15.
Re4 Nf6 16. Rh4 Qf5 17. Nd2 Qg6 18. Nf3 Ng4 19. Bc2 Bf5 20. Nd4 Bd7 21. Ne2 f5
22. h3 Nf6 23. Bf4 Be7 24. Be5 Qe8 25. Bb3+ Kh8 26. Qd2 Nh5 27. Rd4 c5 28. Rd5
Bc6 29. Re1 Qg6 30. Nf4 Nxf4 31. Bxf4 Bxd5 32. Bxd5 Rae8 33. c4 Bd6 34. Rxe8
Rxe8 35. Kg2 Bxf4 36. Qxf4 Qf6 37. b3 Qe5 38. Qf3 g6 39. Bc6 Rb8 40. Bb7 b4 41.
Bxa6 Rd8 42. Bb7 Kg7 43. h4 Rd7 44. Bc6 Re7 45. Ba4 Qe2 46. Qd5 Qe5 47. Qf3 Rf7
48. Bc6 f4 49. g4 h5 50. gxh5 gxh5 51. Be4 Kf6 52. Qh3 Rg7+ 53. Kf3 Qe6 54.
Qxe6+ Kxe6 55. Kxf4 Rg4+ 56. Ke3 Ke5 57. Kf3 Rxh4 58. Kg3 Rg4+ 59. Kh3 Kf4 60.
f3 Rg1 61. d4 cxd4 62. c5 Rh1+ 63. Kg2 Rc1 64. c6 Ke3 0-1

[Event "Zurich Jubilee Open 2009"]
[Site "Zuerich SUI"]
[Date "2009.08.13"]
[Round "7.19"]
[White "Mesropov, Konstantin"]
[Black "Malakhatko, Vadim"]
[Result "0-1"]
[WhiteElo "2414"]
[BlackElo "2570"]
[PlyCount "134"]
[EventDate "2009.08.09"]
[EventType "swiss"]
[EventRounds "9"]
[EventCountry "SUI"]
[Source "lmi"]
[SourceDate "2009.08.09"]

1. c4 c6 2. g3 d5 3. Nf3 Nf6 4. Bg2 g6 5. b3 Bg7 6. Bb2 O-O 7. O-O Bg4 8. d3
Bxf3 9. Bxf3 e6 10. b4 a5 11. a3 Qb6 12. Nc3 axb4 13. axb4 Nbd7 14. cxd5 cxd5
15. b5 Rfc8 16. Qb3 Ne8 17. Na4 Qd8 18. Bxg7 Kxg7 19. d4 Rc4 20. Nb2 Rcc8 21.
Na4 Qf6 22. Qd1 Rc4 23. e3 Raxa4 24. Rxa4 Rxa4 25. Qxa4 Qxf3 26. Qa8 Ndf6 27.
Qxb7 Nd6 28. Qb8 Nc4 29. b6 Nd7 30. Qc7 Ndxb6 31. Rb1 Na4 32. Qf4 Qxf4 33. gxf4
Nc3 34. Rb3 Ne4 35. Kg2 h6 36. h3 Ncd6 37. Ra3 Nf5 38. Ra2 Nh4+ 39. Kf1 g5 40.
fxg5 hxg5 41. Ra1 f5 42. Ke2 f4 43. Ra6 Kf6 44. Ra8 f3+ 45. Kf1 Ng6 46. Ra6 Ne7
47. Kg1 Nf5 48. Ra8 Nfd6 49. Rb8 Kf7 50. Rb6 Nc4 51. Rb7+ Kg6 52. Rb3 Ncd2 53.
Rb2 Kf5 54. Ra2 e5 55. dxe5 Kxe5 56. Rb2 Kd6 57. Rb8 Nc3 58. Rf8 Kc5 59. Rc8+
Kb4 60. h4 gxh4 61. Rh8 Kc4 62. Rxh4+ Kd3 63. Rb4 Ke2 64. Rb2 Nd1 65. Ra2 Nxe3
66. Ra5 d4 67. Re5 Ndc4 0-1

[Event "Zurich Jubilee Open 2009"]
[Site "Zuerich SUI"]
[Date "2009.08.13"]
[Round "7.20"]
[White "Bischoff, Klaus"]
[Black "Vorotnikov, Vladislav"]
[Result "1-0"]
[WhiteElo "2551"]
[BlackElo "2426"]
[PlyCount "83"]
[EventDate "2009.08.09"]
[EventType "swiss"]
[EventRounds "9"]
[EventCountry "SUI"]
[Source "lmi"]
[SourceDate "2009.08.09"]

1. d4 Nf6 2. c4 c5 3. Nf3 e6 4. g3 b6 5. Bg2 Bb7 6. d5 d6 7. Nc3 e5 8. O-O g6
9. e4 Bg7 10. Ne1 h5 11. Nd3 Nbd7 12. Bg5 Bh6 13. Bxh6 Rxh6 14. Qd2 Rh7 15. Nb5
Qb8 16. f4 a6 17. Nc3 h4 18. gxh4 Qd8 19. fxe5 Nxe5 20. Nxe5 dxe5 21. Qg5 Nd7
22. Rf3 Rh5 23. Qxd8+ Rxd8 24. Raf1 Rh7 25. h5 gxh5 26. Bh3 Ke7 27. Rg3 Rh6 28.
Nd1 Rg6 29. Bxd7 Rxd7 30. Rf5 h4 31. Rxg6 fxg6 32. Rxe5+ Kf6 33. Re6+ Kg5 34.
Rxb6 Kf4 35. Nf2 Rf7 36. Rb3 Ke5 37. Nd3+ Kd4 38. e5 Bxd5 39. cxd5 c4 40. e6
Re7 41. Rb4 a5 42. Nf4 1-0

[Event "Zurich Jubilee Open 2009"]
[Site "Zuerich SUI"]
[Date "2009.08.13"]
[Round "7.21"]
[White "Pavlovic, Milos"]
[Black "Mihailovs, Jurijs"]
[Result "1-0"]
[WhiteElo "2535"]
[BlackElo "2408"]
[PlyCount "85"]
[EventDate "2009.08.09"]
[EventType "swiss"]
[EventRounds "9"]
[EventCountry "SUI"]
[Source "lmi"]
[SourceDate "2009.08.09"]

1. e4 c5 2. Nf3 e6 3. Be2 Qc7 4. c4 Nc6 5. O-O Nf6 6. Nc3 a6 7. d4 cxd4 8. Nxd4
Nxd4 9. Qxd4 Bd6 10. Kh1 Be5 11. Qe3 O-O 12. f4 Bxc3 13. bxc3 e5 14. Ba3 Re8
15. Rad1 Qc6 16. fxe5 Qxe4 17. Qxe4 Nxe4 18. Bf3 Ng5 19. Bd5 Rxe5 20. Bd6 Re8
21. c5 a5 22. Rd3 Ne6 23. Rdf3 f6 24. g4 Kh8 25. h4 h6 26. Rg1 Ra6 27. g5 fxg5
28. hxg5 hxg5 29. Rh3+ Kg8 30. Rxg5 b6 31. Rhg3 Kh8 32. Rh5+ Kg8 33. Be4 Nf8
34. Rhg5 Ne6 35. Rh5 Nf8 36. Bd5+ Ne6 37. Rgh3 Kf7 38. Rf5+ Kg8 39. Rfh5 Kf7
40. Rf3+ Kg6 41. Re5 Kh7 42. Be4+ Kg8 43. Bg6 1-0

[Event "Zurich Jubilee Open 2009"]
[Site "Zuerich SUI"]
[Date "2009.08.14"]
[Round "8.1"]
[White "Avrukh, Boris"]
[Black "Sutovsky, Emil"]
[Result "1/2-1/2"]
[WhiteElo "2641"]
[BlackElo "2675"]
[PlyCount "53"]
[EventDate "2009.08.09"]
[EventType "swiss"]
[EventRounds "9"]
[EventCountry "SUI"]
[Source "lmi"]
[SourceDate "2009.08.09"]

1. d4 Nf6 2. c4 g6 3. g3 c6 4. Nf3 d5 5. b3 Bg7 6. Bg2 dxc4 7. bxc4 c5 8. Bb2
cxd4 9. Nxd4 Qb6 10. Nb3 O-O 11. O-O Qc7 12. Qc1 Bg4 13. Nc3 a6 14. h3 Bc8 15.
Rb1 e6 16. Rd1 Nc6 17. Nd5 Nxd5 18. Bxg7 Kxg7 19. cxd5 exd5 20. Rxd5 Be6 21.
Rc5 Qd7 22. Rxc6 bxc6 23. Bxc6 Qd6 24. Bxa8 Rxa8 25. h4 Qe5 26. Qd2 Rb8 27. Rb2
1/2-1/2

[Event "Zurich Jubilee Open 2009"]
[Site "Zuerich SUI"]
[Date "2009.08.14"]
[Round "8.6"]
[White "Mikhalevski, Victor"]
[Black "Pelletier, Yannick"]
[Result "1/2-1/2"]
[WhiteElo "2631"]
[BlackElo "2574"]
[PlyCount "106"]
[EventDate "2009.08.09"]
[EventType "swiss"]
[EventRounds "9"]
[EventCountry "SUI"]
[Source "lmi"]
[SourceDate "2009.08.09"]

1. d4 Nf6 2. c4 e6 3. Nf3 b6 4. g3 Bb4+ 5. Bd2 Bxd2+ 6. Qxd2 Ba6 7. b3 O-O 8.
Bg2 d5 9. cxd5 exd5 10. Nc3 c5 11. Ne5 Bb7 12. O-O Qe7 13. Qf4 Na6 14. Rac1
Rfe8 15. Ng4 Ne4 16. Bxe4 dxe4 17. d5 Rad8 18. Rfd1 Qd6 19. Qg5 Qg6 20. Qh4 Rd7
21. Rd2 h6 22. Ne3 Nc7 23. Rcd1 Qg5 24. Qh3 Bc8 25. g4 Bb7 26. Qg3 Qe5 27. Qxe5
Rxe5 28. a4 Kf8 29. Kg2 g5 30. Kg3 h5 31. h4 gxh4+ 32. Kxh4 f6 33. Kg3 hxg4 34.
Kf4 Rg7 35. Nxe4 Ne6+ 36. dxe6 Rxe4+ 37. Kf5 Re7 38. Rd8+ Kg7 39. Rb8 Re5+ 40.
Kf4 Be4 41. Nxg4 R5xe6 42. f3 Bc2 43. Rdd8 Rxe2 44. Rg8+ Kf7 45. Rbf8+ Ke6 46.
Rxf6+ Kd7 47. Ra8 R2e6 48. Rxa7+ Kd6 49. Ra6 Rxf6+ 50. Nxf6 Rb7 51. Ne4+ Kc6
52. a5 Bxb3 53. Rxb6+ Rxb6 1/2-1/2

[Event "Zurich Jubilee Open 2009"]
[Site "Zuerich SUI"]
[Date "2009.08.14"]
[Round "8.7"]
[White "Golod, Vitali"]
[Black "Meier, Georg"]
[Result "1/2-1/2"]
[WhiteElo "2599"]
[BlackElo "2658"]
[PlyCount "27"]
[EventDate "2009.08.09"]
[EventType "swiss"]
[EventRounds "9"]
[EventCountry "SUI"]
[Source "lmi"]
[SourceDate "2009.08.09"]

1. d4 e6 2. e4 d5 3. Nc3 dxe4 4. Nxe4 Nd7 5. Nf3 Ngf6 6. Nxf6+ Nxf6 7. Bd3 c5
8. Be3 Qc7 9. Qe2 a6 10. O-O b6 11. dxc5 Bxc5 12. Bxc5 Qxc5 13. Nd2 Bb7 14. Ne4
1/2-1/2

[Event "Zurich Jubilee Open 2009"]
[Site "Zuerich SUI"]
[Date "2009.08.14"]
[Round "8.8"]
[White "Lopez Martinez, Josep Manuel"]
[Black "Miroshnichenko, Evgenij"]
[Result "0-1"]
[WhiteElo "2555"]
[BlackElo "2696"]
[PlyCount "66"]
[EventDate "2009.08.09"]
[EventType "swiss"]
[EventRounds "9"]
[EventCountry "SUI"]
[Source "lmi"]
[SourceDate "2009.08.09"]

1. e4 c5 2. Nf3 d6 3. d4 cxd4 4. Nxd4 Nf6 5. Nc3 a6 6. Be3 e5 7. Nb3 Be6 8. f3
h5 9. Be2 Nbd7 10. a4 Be7 11. O-O O-O 12. Qd2 Qc7 13. Rfd1 Rfd8 14. a5 b5 15.
Nd5 Bxd5 16. exd5 Rac8 17. c3 Re8 18. Rac1 e4 19. f4 Ng4 20. c4 Nxe3 21. Qxe3
bxc4 22. Rxc4 Qb7 23. Rxc8 Rxc8 24. Bxh5 Rb8 25. Nc1 Nf6 26. Be2 Qxb2 27. Bxa6
Bd8 28. Qe2 Qa3 29. h3 Bxa5 30. Kh2 g6 31. Qc4 Kg7 32. Qe2 Rb2 33. Qc4 Rxg2+
0-1

[Event "Zurich Jubilee Open 2009"]
[Site "Zuerich SUI"]
[Date "2009.08.14"]
[Round "8.10"]
[White "Fridman, Daniel"]
[Black "Jovanic, Ognjen"]
[Result "1/2-1/2"]
[WhiteElo "2665"]
[BlackElo "2541"]
[PlyCount "106"]
[EventDate "2009.08.09"]
[EventType "swiss"]
[EventRounds "9"]
[EventCountry "SUI"]
[Source "lmi"]
[SourceDate "2009.08.09"]

1. d4 d5 2. c4 c6 3. Nf3 Nf6 4. Nc3 a6 5. Ne5 e6 6. Bf4 dxc4 7. Nxc4 b5 8. Ne5
c5 9. dxc5 Qxd1+ 10. Rxd1 Bxc5 11. e3 Nbd7 12. Bd3 Nxe5 13. Bxe5 Bb7 14. Ke2
Ke7 15. a3 Rhd8 16. Bxf6+ gxf6 17. Be4 Bxe4 18. Nxe4 Bb6 19. g4 Rac8 20. Rxd8
Bxd8 21. Rd1 Rc4 22. Nxf6 Rc2+ 23. Kf3 Kxf6 24. Rxd8 Rxb2 25. Ra8 b4 26. axb4
Rxb4 27. Rxa6 h5 28. gxh5 Rh4 29. Kg3 Rxh5 30. Ra4 Rb5 31. Rg4 Rb1 32. h4 Rg1+
33. Kf3 Rh1 34. Kg2 Ra1 35. h5 Ra5 36. Rf4+ Kg7 37. h6+ Kg6 38. Rh4 Ra8 39. Kf3
Rh8 40. Ke4 f6 41. Kd4 Rxh6 42. Rxh6+ Kxh6 43. Kc5 Kg5 44. Kd6 e5 45. Ke6 e4
46. Kd5 f5 47. Ke5 Kg6 48. Ke6 Kg5 49. Kf7 f4 50. Ke6 fxe3 51. fxe3 Kg6 52. Kd5
Kf6 53. Kxe4 Ke6 1/2-1/2

[Event "Zurich Jubilee Open 2009"]
[Site "Zuerich SUI"]
[Date "2009.08.14"]
[Round "8.11"]
[White "Gozzoli, Yannick"]
[Black "Roiz, Michael"]
[Result "1/2-1/2"]
[WhiteElo "2498"]
[BlackElo "2658"]
[PlyCount "30"]
[EventDate "2009.08.09"]
[EventType "swiss"]
[EventRounds "9"]
[EventCountry "SUI"]
[Source "lmi"]
[SourceDate "2009.08.09"]

1. d4 Nf6 2. c4 e6 3. Nf3 d5 4. Nc3 c6 5. Bg5 Be7 6. e3 Nbd7 7. Qc2 O-O 8. Rd1
h6 9. Bf4 a6 10. a3 Nh5 11. Be5 Nhf6 12. Bg3 Nh5 13. Be5 Nhf6 14. Bg3 Nh5 15.
Be5 Nhf6 1/2-1/2

[Event "Zurich Jubilee Open 2009"]
[Site "Zuerich SUI"]
[Date "2009.08.14"]
[Round "8.12"]
[White "Ivanisevic, Ivan"]
[Black "Pavlovic, Milos"]
[Result "1-0"]
[WhiteElo "2629"]
[BlackElo "2535"]
[PlyCount "161"]
[EventDate "2009.08.09"]
[EventType "swiss"]
[EventRounds "9"]
[EventCountry "SUI"]
[Source "lmi"]
[SourceDate "2009.08.09"]

1. d4 d5 2. c4 c6 3. Nf3 Nf6 4. Nc3 dxc4 5. a4 Bf5 6. Ne5 Nbd7 7. Nxc4 Nb6 8.
Ne5 a5 9. e3 g6 10. Bd3 Bxd3 11. Nxd3 Nbd5 12. O-O Bg7 13. Bd2 O-O 14. Qb3 Qb6
15. Qxb6 Nxb6 16. b3 Rfd8 17. Ra2 e6 18. Rc1 Bf8 19. Kf1 Nbd5 20. Nd1 Nd7 21.
Ke2 Bg7 22. f4 f5 23. Nc5 Ra7 24. Nxd7 Rxd7 25. Rc5 Nb4 26. Bxb4 axb4 27. Nb2
Bf8 28. Rc1 Ra6 29. Raa1 Rd5 30. Nd3 Bd6 31. Rc2 Kf7 32. Rac1 Ke7 33. Rc4 Kd7
34. Rxb4 Bxb4 35. Nxb4 Rb6 36. Nxd5 exd5 37. Rb1 c5 38. dxc5 Rb4 39. h3 Kc6 40.
g4 Kxc5 41. gxf5 gxf5 42. Kd3 Kd6 43. Rb2 Ke6 44. h4 h5 45. a5 Kd6 46. Ke2 Ke6
47. Ra2 Rxb3 48. a6 bxa6 49. Rxa6+ Kf7 50. Rh6 Rb2+ 51. Kd3 Rh2 52. Rxh5 Kf6
53. Rh8 Kg7 54. Rh5 Kf6 55. Kc3 Rh1 56. Kd2 Rh2+ 57. Kd3 Rh1 58. Ke2 Rh2+ 59.
Kf3 Rh3+ 60. Kf2 Rh2+ 61. Kg3 Re2 62. Rh6+ Kg7 63. Re6 d4 64. Kf3 Rd2 65. h5
dxe3 66. h6+ Kf7 67. Kxe3 Rd8 68. Rb6 Rd7 69. Ra6 Kg8 70. Rf6 Rd5 71. Kf2 Kh7
72. Kg3 Rd1 73. Kh4 Rg1 74. Kh5 Rg2 75. Rf7+ Kg8 76. Rxf5 Kh7 77. Rf7+ Kg8 78.
Rg7+ Rxg7 79. hxg7 Kxg7 80. Kg5 Kf7 81. Kf5 1-0

[Event "Zurich Jubilee Open 2009"]
[Site "Zuerich SUI"]
[Date "2009.08.14"]
[Round "8.13"]
[White "Reinaldo Castineira, Roi"]
[Black "Bauer, Christian"]
[Result "1/2-1/2"]
[WhiteElo "2503"]
[BlackElo "2602"]
[PlyCount "182"]
[EventDate "2009.08.09"]
[EventType "swiss"]
[EventRounds "9"]
[EventCountry "SUI"]
[Source "lmi"]
[SourceDate "2009.08.09"]

1. e4 d5 2. exd5 Qxd5 3. Nc3 Qa5 4. d4 Nf6 5. Nf3 Bf5 6. Bc4 c6 7. Bd2 Qc7 8.
Qe2 e6 9. O-O-O Nbd7 10. Nh4 Bg6 11. Nxg6 hxg6 12. g3 O-O-O 13. Bf4 Bd6 14.
Bxd6 Qxd6 15. h4 Rh5 16. a3 Qc7 17. Kb1 Qa5 18. Bb3 Rdh8 19. f4 R5h7 20. Rhe1
Rd8 21. Qf3 Rhh8 22. Bc4 Qc7 23. Bf1 Kb8 24. Na2 Nb6 25. Nc1 Rd7 26. c3 Rc8 27.
Nd3 Re7 28. Qe2 Ne8 29. Qe5 Nd6 30. Nc5 Nd7 31. Nxd7+ Rxd7 32. Bd3 Ne8 33. Be4
Nf6 34. Bf3 Rcd8 35. Qxc7+ Kxc7 36. Re5 Rh8 37. Kc2 Ne8 38. Rh1 Nd6 39. g4 Nc4
40. Re2 Nb6 41. Reh2 Nd5 42. Bxd5 Rxd5 43. Re2 Kd7 44. Re5 f6 45. Ree1 Ke7 46.
Rd1 Rhd8 47. b4 Kf7 48. Rd2 b6 49. Rhd1 R5d7 50. c4 Rh8 51. Rh1 b5 52. Kc3 bxc4
53. Kxc4 Rd5 54. Rd3 Ke7 55. Re3 Rhd8 56. Rd1 Kd7 57. Rd2 a6 58. Rd1 Rd6 59.
Rd2 Kc7 60. Rd1 Rh8 61. Rh1 Kb6 62. Rh2 Kc7 63. Rh1 Kd7 64. Rh2 Rd5 65. Rh1 a5
66. Rh2 axb4 67. axb4 g5 68. fxg5 Rxg5 69. Rhe2 Rxg4 70. Rxe6 Kc7 71. b5 cxb5+
72. Kc5 Rh5+ 73. d5 Rc4+ 74. Kxb5 Rd4 75. Rc6+ Kd7 76. Kb6 Rhxh4 77. Rc7+ Kd6
78. Rc6+ Kxd5 79. Rc5+ Kd6 80. Rc6+ Kd7 81. Rc7+ Kd8 82. Rxg7 Rhe4 83. Rxe4
Rxe4 84. Kc5 Ke8 85. Kd5 Re1 86. Kd4 Kf8 87. Ra7 Re5 88. Rb7 Kg8 89. Ra7 Re1
90. Rb7 f5 91. Kd3 f4 1/2-1/2

[Event "Zurich Jubilee Open 2009"]
[Site "Zuerich SUI"]
[Date "2009.08.14"]
[Round "8.14"]
[White "Shchekachev, Andrei"]
[Black "Safarli, Eltaj"]
[Result "1-0"]
[WhiteElo "2530"]
[BlackElo "2597"]
[PlyCount "79"]
[EventDate "2009.08.09"]
[EventType "swiss"]
[EventRounds "9"]
[EventCountry "SUI"]
[Source "lmi"]
[SourceDate "2009.08.09"]

1. Nf3 Nf6 2. c4 g6 3. Nc3 d5 4. cxd5 Nxd5 5. Qa4+ Bd7 6. Qb3 Nb6 7. d4 Bg7 8.
Bf4 Be6 9. Qa3 c5 10. Qxc5 Nc6 11. e3 Rc8 12. Qa3 O-O 13. Be2 Nc4 14. Qa4 Nxb2
15. Qb5 Nc4 16. O-O Nb6 17. Rac1 Nd5 18. Nxd5 Bxd5 19. Rc5 e6 20. Rfc1 Re8 21.
Qb1 f5 22. Bd1 Bf8 23. R5c3 Qb6 24. Bb3 Bb4 25. Rd3 Ba3 26. Rcd1 Qa6 27. Bxd5
exd5 28. h4 Bf8 29. h5 b6 30. Rb3 Qa4 31. a3 Na5 32. Rb5 Red8 33. Ne5 Nc4 34.
hxg6 hxg6 35. Nxg6 Nxa3 36. Qxf5 Qxd1+ 37. Kh2 Nxb5 38. Qe6+ Kh7 39. Nxf8+ Rxf8
40. Qh6+ 1-0

[Event "Zurich Jubilee Open 2009"]
[Site "Zuerich SUI"]
[Date "2009.08.14"]
[Round "8.15"]
[White "Bosiocic, Marin"]
[Black "Hou, Yifan"]
[Result "1/2-1/2"]
[WhiteElo "2551"]
[BlackElo "2584"]
[PlyCount "68"]
[EventDate "2009.08.09"]
[EventType "swiss"]
[EventRounds "9"]
[EventCountry "SUI"]
[Source "lmi"]
[SourceDate "2009.08.09"]

1. d4 Nf6 2. c4 e6 3. g3 c5 4. d5 exd5 5. cxd5 b5 6. e4 Nxe4 7. Qe2 Qe7 8. Bg2
f5 9. Be3 d6 10. Nd2 g6 11. Nh3 Nd7 12. Nxe4 fxe4 13. Bg5 Nf6 14. Qxb5+ Bd7 15.
Qb7 Rd8 16. Nf4 Bg7 17. O-O Qf7 18. Qxa7 O-O 19. Qa6 h6 20. Bxf6 Qxf6 21. Rae1
g5 22. Ne6 Bxe6 23. dxe6 Qxe6 24. Bxe4 Kh8 25. Bc2 Qf7 26. b3 Bd4 27. Re2 Rde8
28. Rxe8 Bxf2+ 29. Kg2 Qf3+ 30. Kh3 g4+ 31. Kh4 Qf6+ 32. Kxg4 Qg5+ 33. Kh3 Qh5+
34. Kg2 Qf3+ 1/2-1/2

[Event "Zurich Jubilee Open 2009"]
[Site "Zuerich SUI"]
[Date "2009.08.14"]
[Round "8.16"]
[White "Malakhatko, Vadim"]
[Black "Riff, Jean-noel"]
[Result "1/2-1/2"]
[WhiteElo "2570"]
[BlackElo "2505"]
[PlyCount "90"]
[EventDate "2009.08.09"]
[EventType "swiss"]
[EventRounds "9"]
[EventCountry "SUI"]
[Source "lmi"]
[SourceDate "2009.08.09"]

1. d4 Nf6 2. c4 e6 3. Nf3 Nc6 4. Nc3 Bb4 5. Qc2 d6 6. Bd2 Qe7 7. a3 Bxc3 8.
Bxc3 O-O 9. g3 e5 10. d5 Nb8 11. Bg2 c6 12. Nd2 cxd5 13. cxd5 Bg4 14. e4 Na6
15. O-O Rac8 16. Rfc1 Bd7 17. b4 Ng4 18. h3 Nh6 19. Qd3 f5 20. exf5 Nxf5 21.
Ne4 h6 22. Bb2 Rfd8 23. Qd2 Nc7 24. a4 Ne8 25. f4 Nf6 26. fxe5 Nxe4 27. Bxe4
Nxg3 28. Bg2 dxe5 29. Re1 Qf6 30. Bxe5 Qg6 31. Qf2 Nf5 32. Kh2 Rc4 33. Rg1 Rdc8
34. Ra2 Qf7 35. Re2 Rxb4 36. Be4 g6 37. d6 Re8 38. Bxf5 Bxf5 39. Bc3 Rxe2 40.
Qxe2 Re4 41. Qd2 Qe6 42. Rg2 Kf7 43. Qxh6 Qxd6+ 44. Kh1 Qd1+ 45. Kh2 Qd6+
1/2-1/2

[Event "Zurich Jubilee Open 2009"]
[Site "Zuerich SUI"]
[Date "2009.08.14"]
[Round "8.17"]
[White "Fejzullahu, Afrim"]
[Black "Malaniuk, Vladimir P"]
[Result "0-1"]
[WhiteElo "2344"]
[BlackElo "2563"]
[PlyCount "152"]
[EventDate "2009.08.09"]
[EventType "swiss"]
[EventRounds "9"]
[EventCountry "SUI"]
[Source "lmi"]
[SourceDate "2009.08.09"]

1. e4 e5 2. Nf3 Nc6 3. Bb5 a6 4. Ba4 Nf6 5. O-O Be7 6. Re1 b5 7. Bb3 d6 8. c3
O-O 9. h3 Na5 10. Bc2 c5 11. d4 Qc7 12. Nbd2 Bd7 13. Nf1 Nc4 14. b3 Nb6 15. Bb2
c4 16. Ne3 Rfe8 17. d5 g6 18. bxc4 Nxc4 19. Nxc4 bxc4 20. a4 a5 21. Bc1 Bc8 22.
Be3 Nd7 23. Nd2 Ba6 24. Nb1 Reb8 25. Na3 Qc8 26. Nb5 Bxb5 27. axb5 Bd8 28. Qe2
Bb6 29. Bh6 Bc5 30. Kh2 Qd8 31. Rf1 Rxb5 32. Ba4 Rb6 33. Qxc4 Qh4 34. Bxd7 Qxh6
35. Qe2 Rb3 36. Qc2 Rab8 37. Ra2 Qf4+ 38. Kh1 Ba3 39. Qd3 Bb4 40. Rc2 Bc5 41.
g3 Qf6 42. Kg2 Rb2 43. Ba4 h5 44. Qe2 Rxc2 45. Qxc2 h4 46. Qe2 Kg7 47. Bb5 Qg5
48. c4 Bd4 49. Rd1 Rh8 50. Qg4 Qxg4 51. hxg4 h3+ 52. Kf3 g5 53. Ke2 Kf6 54. Kf1
Ke7 55. Kg1 h2+ 56. Kh1 Bxf2 57. Ra1 Bb6 58. Kg2 Kd8 59. Rf1 f6 60. Kh1 Rh6 61.
Rb1 Kc7 62. Bc6 Rh7 63. Rb2 Rh8 64. Rb1 Rh3 65. Rb3 Bc5 66. Rb7+ Kc8 67. Rf7
Rxg3 68. Kxh2 Re3 69. Rxf6 Rxe4 70. Kg3 Rxc4 71. Rg6 a4 72. Rxg5 Rc3+ 73. Kg2
a3 74. Rg8+ Kc7 75. Ra8 Rc2+ 76. Kf3 a2 0-1

[Event "Zurich Jubilee Open 2009"]
[Site "Zuerich SUI"]
[Date "2009.08.14"]
[Round "8.18"]
[White "Vernay, Clovis"]
[Black "Saric, Ivan"]
[Result "1-0"]
[WhiteElo "2463"]
[BlackElo "2561"]
[PlyCount "85"]
[EventDate "2009.08.09"]
[EventType "swiss"]
[EventRounds "9"]
[EventCountry "SUI"]
[Source "lmi"]
[SourceDate "2009.08.09"]

1. d4 Nf6 2. c4 g6 3. Nc3 Bg7 4. e4 d6 5. f3 O-O 6. Bg5 c5 7. d5 e6 8. Qd2 Qa5
9. Nb5 Qb6 10. a4 a6 11. Nc3 exd5 12. a5 Qc7 13. cxd5 Re8 14. Nge2 Nbd7 15. Ng3
h5 16. Be2 Nh7 17. Be3 Ne5 18. O-O Rb8 19. h3 h4 20. Nh1 f5 21. Bf2 g5 22. f4
Ng6 23. Bh5 Nhf8 24. fxg5 fxe4 25. Be3 Re5 26. Nf2 Qe7 27. Ra4 Bd7 28. Rxe4 Re8
29. Rxe5 Qxe5 30. Nfe4 Bf5 31. Rxf5 Qxf5 32. Nxd6 Bxc3 33. Nxf5 Bxd2 34. Bxd2
Kh7 35. Bc3 Rd8 36. Bf3 Nf4 37. d6 Kg6 38. Bf6 Rd7 39. Nxh4+ Kf7 40. Nf5 Nh7
41. Be7 Ke6 42. Ne3 Ke5 43. Nc4+ 1-0

[Event "Zurich Jubilee Open 2009"]
[Site "Zuerich SUI"]
[Date "2009.08.15"]
[Round "9.3"]
[White "Miroshnichenko, Evgenij"]
[Black "Sandipan, Chanda"]
[Result "1/2-1/2"]
[WhiteElo "2696"]
[BlackElo "2585"]
[PlyCount "69"]
[EventDate "2009.08.09"]
[EventType "swiss"]
[EventRounds "9"]
[EventCountry "SUI"]
[Source "lmi"]
[SourceDate "2009.08.09"]

1. Nf3 d5 2. d4 Nf6 3. c4 c6 4. e3 Bg4 5. Qb3 Qc7 6. Nc3 e6 7. Bd2 Nbd7 8. Rc1
Rc8 9. h3 Bxf3 10. gxf3 Be7 11. cxd5 Nxd5 12. f4 O-O 13. Bg2 Qb8 14. f5 Bh4 15.
Ne2 exf5 16. Bxd5 cxd5 17. Qxd5 Nb6 18. Qxf5 Nc4 19. b3 g6 20. Qf3 Nxd2 21.
Kxd2 Be7 22. Rxc8 Rxc8 23. Rc1 Rxc1 24. Nxc1 Qc7 25. Nd3 Qa5+ 26. Kd1 Qc3 27.
Qe4 Qa1+ 28. Ke2 Qxa2+ 29. Kf3 Qxb3 30. Qxe7 Qxd3 31. Qxb7 Qf5+ 32. Kg2 Qg5+
33. Kf1 Qf5 34. Kg2 Qg5+ 35. Kf1 1/2-1/2

[Event "Zurich Jubilee Open 2009"]
[Site "Zuerich SUI"]
[Date "2009.08.15"]
[Round "9.6"]
[White "Malaniuk, Vladimir P"]
[Black "Mikhalevski, Victor"]
[Result "0-1"]
[WhiteElo "2563"]
[BlackElo "2631"]
[PlyCount "64"]
[EventDate "2009.08.09"]
[EventType "swiss"]
[EventRounds "9"]
[EventCountry "SUI"]
[Source "lmi"]
[SourceDate "2009.08.09"]

1. Nf3 Nf6 2. d4 g6 3. g3 Bg7 4. Bg2 d5 5. O-O O-O 6. c4 dxc4 7. Na3 Nc6 8.
Nxc4 Be6 9. b3 Bd5 10. e3 a5 11. a4 Re8 12. Ba3 e6 13. Qe2 Bf8 14. Bxf8 Rxf8
15. Rfd1 Qe7 16. Ne1 Rfd8 17. Rac1 Nb4 18. e4 Bxc4 19. Rxc4 c6 20. Nf3 Nd7 21.
h4 e5 22. h5 Re8 23. h6 exd4 24. Rcxd4 Nf6 25. Bh3 Qf8 26. e5 Qxh6 27. Rh4 Qf8
28. Qc4 Nfd5 29. Kg2 f6 30. Rh1 fxe5 31. Bg4 Re7 32. Ng5 h5 0-1

[Event "Zurich Jubilee Open 2009"]
[Site "Zuerich SUI"]
[Date "2009.08.15"]
[Round "9.7"]
[White "Pelletier, Yannick"]
[Black "Ivanisevic, Ivan"]
[Result "1/2-1/2"]
[WhiteElo "2574"]
[BlackElo "2629"]
[PlyCount "49"]
[EventDate "2009.08.09"]
[EventType "swiss"]
[EventRounds "9"]
[EventCountry "SUI"]
[Source "lmi"]
[SourceDate "2009.08.09"]

1. d4 e6 2. Nf3 c5 3. c4 cxd4 4. Nxd4 Nf6 5. g3 d5 6. Bg2 e5 7. Nf3 e4 8. Nd4
dxc4 9. O-O Bc5 10. Qa4+ Qd7 11. Nb5 O-O 12. Qxc4 Qc6 13. Nd4 Be6 14. Qxe6 Bxd4
15. Qxc6 Nxc6 16. Nc3 Rfe8 17. Rd1 h6 18. Bd2 e3 19. Bxe3 Bxe3 20. fxe3 Rxe3
21. Rd6 Rc8 22. Rad1 Kf8 23. Bf3 Re5 24. Bxc6 bxc6 25. Rd8+ 1/2-1/2

[Event "Zurich Jubilee Open 2009"]
[Site "Zuerich SUI"]
[Date "2009.08.15"]
[Round "9.8"]
[White "Bischoff, Klaus"]
[Black "Golod, Vitali"]
[Result "1/2-1/2"]
[WhiteElo "2551"]
[BlackElo "2599"]
[PlyCount "33"]
[EventDate "2009.08.09"]
[EventType "swiss"]
[EventRounds "9"]
[EventCountry "SUI"]
[Source "lmi"]
[SourceDate "2009.08.09"]

1. Nf3 d5 2. e3 Nf6 3. c4 e6 4. b3 c5 5. Bb2 Nc6 6. cxd5 exd5 7. Bb5 Bd6 8. O-O
O-O 9. Bxc6 bxc6 10. Qc2 Qe7 11. d3 a5 12. Nbd2 Be6 13. Rac1 Nd7 14. d4 cxd4
15. Nxd4 c5 16. Nf5 Bxf5 17. Qxf5 1/2-1/2

[Event "Zurich Jubilee Open 2009"]
[Site "Zuerich SUI"]
[Date "2009.08.15"]
[Round "9.12"]
[White "Bromberger, Stefan"]
[Black "Fedorchuk, S."]
[Result "1-0"]
[WhiteElo "2510"]
[BlackElo "2655"]
[PlyCount "95"]
[EventDate "2009.08.09"]
[EventType "swiss"]
[EventRounds "9"]
[EventCountry "SUI"]
[Source "lmi"]
[SourceDate "2009.08.09"]

1. d4 Nf6 2. c4 e6 3. Nc3 Bb4 4. Qc2 O-O 5. e4 d6 6. a3 Bxc3+ 7. bxc3 Nbd7 8.
Bd3 c5 9. f4 b5 10. cxb5 cxd4 11. cxd4 Bb7 12. Nf3 Qc8 13. Qxc8 Rfxc8 14. e5
Rc3 15. Ke2 Ne4 16. Bd2 Rxd3 17. Kxd3 Nf2+ 18. Ke2 Nxh1 19. exd6 a6 20. Rxh1
axb5 21. Rc1 Nb6 22. Rc7 Bxf3+ 23. gxf3 Nd5 24. Rb7 Kf8 25. Ba5 Nf6 26. Bb4 Nd5
27. Bc5 Ke8 28. Kd2 h5 29. Rxb5 Nxf4 30. Rb7 Nd5 31. Kd3 Ra4 32. Rb8+ Kd7 33.
Rb7+ Ke8 34. Rb8+ Kd7 35. Rf8 f5 36. Rf7+ Kc6 37. Rxg7 Ra8 38. Kc4 Rb8 39. Rg6
Ne3+ 40. Kd3 Rb3+ 41. Kd2 Nc4+ 42. Ke2 Nxa3 43. Rg7 Rb2+ 44. Kf1 Nc4 45. Rc7+
Kb5 46. d7 Ne3+ 47. Ke1 Kc4 48. Ba3+ 1-0